An introduction to green criminology & environmental justice / (Record no. 588307)

000 -LEADER
fixed length control field 00741cam a2200205 i 4500
020 ## - INTERNATIONAL STANDARD BOOK NUMBER
International Standard Book Number 9781473908109
Qualifying information (pbk)
082 ## - DEWEY DECIMAL CLASSIFICATION NUMBER
Classification number 364.145
100 1# - MAIN ENTRY--PERSONAL NAME
Personal name Nurse, Angus,
Relator term author.
245 13 - TITLE STATEMENT
Title An introduction to green criminology & environmental justice /
Statement of responsibility, etc. Angus Nurse.
260 ## - PUBLICATION, DISTRIBUTION, ETC.
Place of publication, distribution, etc. London :
Name of publisher, distributor, etc. Sage publications,
Date of publication, distribution, etc. 2016.
300 ## - PHYSICAL DESCRIPTION
Extent xii, 222 pages ;
Dimensions 24 cm.
504 ## - BIBLIOGRAPHY, ETC. NOTE
Bibliography, etc. note Includes bibliographical references (pages 197-216) and index.
650 #0 - SUBJECT ADDED ENTRY--TOPICAL TERM
Topical term or geographic name entry element Offenses against the environment.
650 #0 - SUBJECT ADDED ENTRY--TOPICAL TERM
Topical term or geographic name entry element Criminology.
942 ## - ADDED ENTRY ELEMENTS (KOHA)
Source of classification or shelving scheme
Koha item type Book
650 #0 - SUBJECT ADDED ENTRY--TOPICAL TERM
-- 90095
650 #0 - SUBJECT ADDED ENTRY--TOPICAL TERM
-- 90096
Holdings
Withdrawn status Lost status Source of classification or shelving scheme Damaged status Not for loan Permanent Location Current Location Date acquired Total Checkouts Full call number Barcode Date last seen Date last checked out Price effective from Koha item type
          NUST Law School (NLS) NUST Law School (NLS) 02/25/2022 2 364.145 NUR Cl-992 06/07/2023 02/23/2023 02/25/2022 Book
© 2023 Central Library, National University of Sciences and Technology. All Rights Reserved.